<?xml version="1.0" encoding="UTF-8"?>
<record
    xmlns:xsi="http://www.w3.org/2001/XMLSchema-instance"
    xsi:schemaLocation="http://www.loc.gov/MARC21/slim http://www.loc.gov/standards/marcxml/schema/MARC21slim.xsd"
    xmlns="http://www.loc.gov/MARC21/slim">

  <leader>02194nam a22002897a 4500</leader>
  <controlfield tag="003">BJBSDDR</controlfield>
  <controlfield tag="005">20260507105705.0</controlfield>
  <controlfield tag="007">ta</controlfield>
  <controlfield tag="008">260219s2011    fr ||||| |||| 00| 0 fre d</controlfield>
  <datafield tag="020" ind1=" " ind2=" ">
    <subfield code="a">9782200350123</subfield>
  </datafield>
  <datafield tag="020" ind1=" " ind2=" ">
    <subfield code="a">2200350120</subfield>
  </datafield>
  <datafield tag="040" ind1=" " ind2=" ">
    <subfield code="b">eng</subfield>
    <subfield code="c">BJBSDDR</subfield>
  </datafield>
  <datafield tag="041" ind1=" " ind2=" ">
    <subfield code="a">fre</subfield>
  </datafield>
  <datafield tag="050" ind1="1" ind2="4">
    <subfield code="a">CB 78</subfield>
    <subfield code="b">B825m 2011</subfield>
  </datafield>
  <datafield tag="100" ind1="1" ind2=" ">
    <subfield code="a">Braunstein, Jean-Fran&#xE7;ois, </subfield>
    <subfield code="d">1953-</subfield>
    <subfield code="9">47149</subfield>
  </datafield>
  <datafield tag="245" ind1="1" ind2="0">
    <subfield code="a">Manuel de culture g&#xE9;n&#xE9;rale : </subfield>
    <subfield code="b">histoire, religions, philosophie, litt&#xE9;rature, arts, sciences / </subfield>
    <subfield code="c">Jean-Fran&#xE7;ois Braunstein, Bernard Phan.</subfield>
  </datafield>
  <datafield tag="250" ind1=" " ind2=" ">
    <subfield code="a">3e &#xE9;dition revue, actualis&#xE9;e et augment&#xE9;e</subfield>
  </datafield>
  <datafield tag="260" ind1=" " ind2=" ">
    <subfield code="a">Paris : </subfield>
    <subfield code="b">Armand Colin Editeur,</subfield>
    <subfield code="c">2011</subfield>
  </datafield>
  <datafield tag="300" ind1=" " ind2=" ">
    <subfield code="a">383 pages ;</subfield>
    <subfield code="c">25 cm</subfield>
  </datafield>
  <datafield tag="500" ind1=" " ind2=" ">
    <subfield code="a">La couv. porte en plus : "&#xE9;preuve de culture g&#xE9;n&#xE9;rale et de sciences humaines. Pr&#xE9;pas HEC, pr&#xE9;pas litt&#xE9;raires, instituts d'&#xE9;tudes politiques, concours administratifs."
</subfield>
  </datafield>
  <datafield tag="504" ind1=" " ind2=" ">
    <subfield code="a">Bibliogr. pages 367-372. Index</subfield>
  </datafield>
  <datafield tag="520" ind1=" " ind2=" ">
    <subfield code="a">L'essentiel, tout l'essentiel, rien que l'essentiel. Le " Braunstein / Phan " s'est impos&#xE9; comme le manuel id&#xE9;al pour se pr&#xE9;parer aux examens et concours de recrutement comportant une &#xE9;preuve de culture g&#xE9;n&#xE9;rale. Mis &#xE0; jour et augment&#xE9;, il int&#xE8;gre tout ce qu'il faut avoir retenu des grandes &#xE9;volutions r&#xE9;centes (sur les religions au XXe si&#xE8;cle, le Proche-Orient, l'Union europ&#xE9;enne, le " choc des civilisations ", etc.). Un panorama th&#xE9;matique et chronologique complet de la culture occidentale, suivant un plan simple, &#xE0; travers six domaines (histoire, religions, philosophie, litt&#xE9;rature, arts et sciences) et sept p&#xE9;riodes : La Gr&#xE8;ce ; Rome et les monoth&#xE9;ismes ; Le Moyen Age ; Le XVIIe si&#xE8;cle ou l'&#xE2;ge classique ; Le XVIIIe si&#xE8;cle et les Lumi&#xE8;res ; Le XIXe si&#xE8;cle ; Le XXe si&#xE8;cle... &#xE0; travers 120 entr&#xE9;es construites autour d'un sujet ou d'un auteur : des pr&#xE9;cisions de terminologie, un expos&#xE9; g&#xE9;n&#xE9;ral, simple et clair, des documents et indications de prolongements culturels. Des instruments de travail imm&#xE9;diatement exploitables : rep&#xE8;res chronologiques, citations, bibliographie, index.</subfield>
  </datafield>
  <datafield tag="650" ind1=" " ind2="4">
    <subfield code="a">Civilizaci&#xF3;n </subfield>
    <subfield code="x">Historia </subfield>
    <subfield code="9">740</subfield>
  </datafield>
  <datafield tag="700" ind1="1" ind2=" ">
    <subfield code="a">Phan, Bernard </subfield>
    <subfield code="9">48334</subfield>
  </datafield>
  <datafield tag="942" ind1=" " ind2=" ">
    <subfield code="2">lcc</subfield>
    <subfield code="c">BK</subfield>
  </datafield>
  <datafield tag="946" ind1=" " ind2=" ">
    <subfield code="i">cmc </subfield>
  </datafield>
  <datafield tag="999" ind1=" " ind2=" ">
    <subfield code="c">126428</subfield>
    <subfield code="d">126428</subfield>
  </datafield>
  <datafield tag="952" ind1=" " ind2=" ">
    <subfield code="0">0</subfield>
    <subfield code="1">0</subfield>
    <subfield code="2">lcc</subfield>
    <subfield code="4">0</subfield>
    <subfield code="7">0</subfield>
    <subfield code="8">RR</subfield>
    <subfield code="a">BJB</subfield>
    <subfield code="b">BJB</subfield>
    <subfield code="c">RR</subfield>
    <subfield code="d">2026-02-19</subfield>
    <subfield code="l">0</subfield>
    <subfield code="o">CB 78 B825m 2011</subfield>
    <subfield code="p">00000198736</subfield>
    <subfield code="r">2026-02-19 14:44:00</subfield>
    <subfield code="t">1</subfield>
    <subfield code="w">2026-02-19</subfield>
    <subfield code="y">BK</subfield>
  </datafield>
</record>
